Applied fluorescence in chemistry, biology, and medicine /

This interdisciplinary book gives a comprehensive survey of the state-of-the-art and on trends in fluorescence techniques in science, medicine and engineering. The main chapters contain extended reviews which are supplemented by more specialized papers describing details and applications. The volume...

Full description

Bibliographic Details
Corporate Author: SpringerLink (Online service)
Other Authors: Rettig, Wolfgang, 1947-
Format: eBook
Language:English
Published: Berlin ; New York : Springer, 1999.
Subjects:
Online Access:Connect to the full text of this electronic book

MARC

Tag First Indicator Second Indicator Subfields
LEADER 00000cam a2200000Ka 4500
001 in00003510021
006 m o d
007 cr bn||||||abp
007 cr bn||||||ada
008 101113s1999 gw a ob 001 0 eng d
005 20260420200506.0
019 |a 645890978  |a 840292822  |a 851820822 
020 |a 9783642599033 (electronic bk.) 
020 |a 3642599036 (electronic bk.) 
020 |z 3540644512 (acid-free paper) 
020 |z 9783540644514 (acid-free paper) 
020 |z 9783642641756 
020 |z 364264175X 
035 |a (OCoLC)681285118  |z (OCoLC)645890978  |z (OCoLC)840292822  |z (OCoLC)851820822 
040 |a OCLCE  |b eng  |e pn  |c OCLCE  |d OCLCQ  |d I9W  |d AU@  |d OCLCO  |d GW5XE  |d OCLCF  |d OCLCQ  |d UtOrBLW 
042 |a dlr 
049 |a TXAM 
050 4 |a QD96.F56  |b A67 1999 
060 4 |a 1999 C-314 
060 4 |a QD 96.F56  |b A652 1999 
070 |a QD96.F56A67  |b 1999 
072 7 |a QD  |2 lcco 
072 0 |a X300 
072 7 |a PNF  |2 bicssc 
072 7 |a SCI013010  |2 bisacsh 
082 0 4 |a 543/.08584  |2 21 
245 0 0 |a Applied fluorescence in chemistry, biology, and medicine /  |c Wolfgang Rettig [and others]. 
264 1 |a Berlin ;  |a New York :  |b Springer,  |c 1999. 
300 |a 1 online resource (xix, 562 pages) :  |b illustrations 
336 |a text  |b txt  |2 rdacontent 
337 |a computer  |b c  |2 rdamedia 
338 |a online resource  |b cr  |2 rdacarrier 
504 |a Includes bibliographical references and index. 
538 |a Master and use copy. Digital master created according to Benchmark for Faithful Digital Reproductions of Monographs and Serials, Version 1. Digital Library Federation, December 2002.  |u http://purl.oclc.org/DLF/benchrepro0212  |5 MiAaHDL 
583 1 |a digitized  |c 2010  |h HathiTrust Digital Library  |l committed to preserve  |2 pda  |5 MiAaHDL 
505 0 |a I. Methods and Trends in Fluoresence Spectroscopy -- II. Analytical Fluorescence Probes and Environmental Research -- III. Fluoresence Probes in Polymers -- IV. Applications of Fluorescence Spectroscopy in Biology -- V. Fluorescence Techniques in Medicine -- A Challenge for the Future. 
520 |a This interdisciplinary book gives a comprehensive survey of the state-of-the-art and on trends in fluorescence techniques in science, medicine and engineering. The main chapters contain extended reviews which are supplemented by more specialized papers describing details and applications. The volume is intended for practitioners applying this technique in their routine work and for researchers in industry and academia, both groups being active in areas such as environmental monitoring, neuro and cell biology, molecular medicine, including gene research, microscopy and immuno-assays, physics, material science or chemsitry. Breathtaking new methods like ultra-fast time-resolved or single molecule spectroscopy and correlation techniques, fluorescence probes, or imaging techniques and their applications in the fields of electroluminescent polymers, visualization of membrane potentials in neurons or fluorescence imaging of the brain are described by internationally renowned authors. 
588 |a Description based on print version record. 
500 |a Electronic resource. 
650 0 |a Fluorescence spectroscopy. 
650 1 2 |a Spectrometry, Fluorescence. 
650 7 |a Spectrométrie de fluorescence.  |2 fmesh 
650 7 |a Fluorescence spectroscopy.  |2 fast  |0 (OCoLC)fst00928106 
650 7 |a Spectroscopie de fluorescence.  |2 ram 
653 |a Fluorescencia espectroscópica. 
655 7 |a Electronic books.  |2 local 
700 1 |a Rettig, Wolfgang,  |d 1947- 
710 2 |a SpringerLink (Online service) 
776 1 8 |i Print version:  |t Applied fluorescence in chemistry, biology, and medicine.  |d Berlin ; New York : Springer, 1999  |w (DLC) 98040878  |w (OCoLC)39906137 
856 4 0 |u http://proxy.library.tamu.edu/login?url=https://link.springer.com/10.1007/978-3-642-59903-3  |z Connect to the full text of this electronic book  |t 0 
994 |a 92  |b TXA 
999 |a MARS 
999 f f |s 8d81e7fc-9d32-395b-a331-8db854333924  |i 1975ceb7-b2b6-3020-ac15-23cfe198bb21  |t 0 
952 f f |a Texas A&M University  |b College Station  |c Electronic Resources  |s www_evans  |d Available Online  |t 0  |e QD96.F56 A67 1999  |h Library of Congress classification 
998 f f |a QD96.F56 A67 1999  |t 0  |l Available Online